000 01043nam a2200277Ia 4500
003 OSt
005 20220923211526.0
006 a|||||r|||| 00| 0
007 ta
008 220922b |||||||| |||| 00| 0 hin d
020 _a9789381467077 (hbk)
_c395
024 _a264,031
037 _bIN-04428, 26/06/2012, Kitab Ghar Prakashan
_cTextual
040 _aARTS
_cARTS
_bhin
041 _2hin
_ahin
082 _aO152,3N52x, Q1
100 _aउदय प्रकाश
245 0 _aदस प्रतिनिधि कहानियॉं
246 _aDas pratinidhi kahāniyaॉan
260 _aनयी दिल्ली
_b किताबघर प्रकाशन
_c2011
300 _a267पृ.
_ccm.
490 _aदस प्रतिनिधि कहानियॉं सीरीज़
650 _aहिन्दी साहित्य
_9156264
942 _hO152,3N52x, Q1
_cTEXL
_2CC
999 _c300433
_d300433